Statistics for Songs by First Line(s)

Click here to take the quiz!

General Stats

  • This quiz has been taken 71 times
  • The average score is 11 of 24

Answer Stats

Hint Title and Artist % Correct
Queen
91%
Is this the real life? Is this just fantasy? Caught in a landslide, no escape from realityBohemian Rhapsody
86%
The Beatles
77%
___ ____ don't make it bad, Take a sad song and make it betterHey Jude
74%
On a dark desert highway, cool wind in my hair, Warm smell of colitas, rising up through the airHotel California
72%
The Eagles
67%
The Rolling Stones
61%
I thought love was only true in fairy tales, Meant for someone else but not for meI'm A Believer
56%
Please allow me to intoduce myself, I'm a man of wealth and tasteSympathy For The Devil
49%
The Monkees
49%
You know that it would be untrue, You know that I would be a liar, If I was to say to you, Girl, we couldn't get much higherLight My Fire
49%
The Doors
46%
We all came out to Montreaux, On the Lake Geneva shorelineSmoke On The Water
37%
Deep Purple
35%
Imagine me and you, I do, I think about you day and night, it's only rightHappy Together
35%
If I leave here tomorrow, Would you still remember meFreebird
32%
The Turtles
26%
The Who
21%
Lynyrd Skynyrd
19%
We'll be fighting in the streets, With our children at our feetWon't Get Fooled Again
16%
Neil Diamond
14%
What'll you do when you get lonely, And nobody's waiting by your sideLayla
14%
Derek and the Dominoes
14%
L.A.'s fine, the sun shines most the time, And the feeling is 'lay back'I Am I Said
11%

Score Distribution

Percentile by Number Answered

Percent of People with Each Score

Your Score History

You have not taken this quiz